Catálogo de la Biblioteca Horacio González - Universidad Nacional de General Sarmiento

A solidão do terceiro mundo : (Registro nro. 1587)

Detalles MARC
000 -CABECERA
campo de control de longitud fija 00546nam a22001930a 4500
001 - NÚMERO DE CONTROL
campo de control PT33725
003 - IDENTIFICADOR DEL NÚMERO DE CONTROL
campo de control AR-LpoUNG
005 - FECHA Y HORA DE LA ÚLTIMA TRANSACCIÓN
campo de control 20210131230127.0
008 - DATOS DE LONGITUD FIJA--INFORMACIÓN GENERAL
campo de control de longitud fija 191001suuuu||||xxu|||||||||||||||||por d
040 ## - FUENTE DE LA CATALOGACIÓN
Centro catalogador/agencia de origen AR-LpoUNG
Lengua de catalogación spa
Centro/agencia transcriptor AR-LpoUNG
Normas de descripción aacr
041 ## - CÓDIGO DE LENGUA
Código de lengua del texto/banda sonora o título independiente por
082 0# - NÚMERO DE LA CLASIFICACIÓN DECIMAL DEWEY
Número de clasificación 334.01 431sol
100 1# - ENTRADA PRINCIPAL--NOMBRE DE PERSONA
Nombre de persona Thielen, Helmut
245 10 - MENCIÓN DE TÍTULO
Título A solidão do terceiro mundo :
Resto del título para um desenvolvimento autônomo das regiões do hemisfério sul
260 ## - PUBLICACIÓN, DISTRIBUCIÓN, ETC.
Lugar de publicación, distribución, etc. s.l.
Nombre del editor, distribuidor, etc. Unisinos,
Fecha de publicación, distribución, etc. s.f.
700 1# - PUNTO DE ACCESO ADICIONAL--NOMBRE DE PERSONA
Nombre de persona Bernsmüller, Dankwart
Término indicativo de función/relación tr.
905 ## - ELEMENTOS DE DATOS E LOCAL, LDE (RLIN)
a 33725
942 ## - ELEMENTOS DE PUNTO DE ACCESO ADICIONAL (KOHA)
Tipo de ítem Koha Libro
Existencias
Estado de retiro Estado de pérdida Estado dañado No para préstamo Código de colección Localización permanente Ubicación/localización actual Fecha de adquisición Total de préstamos Signatura topográfica completa Código de barras Fecha visto por última vez Precio válido a partir de Tipo de ítem Koha
        Colección General Biblioteca Universidad Nacional de General Sarmiento Biblioteca Universidad Nacional de General Sarmiento 31/01/2021   334.01 431sol 00022098 31/01/2021 31/01/2021 Libro